00806nam a22002417a 450000500170000001000110001702000100002803500110003803700160004904000120006508200160007710000280009324500810012126000500020227000130025230000260026550000200029165000330031165000340034494200250037899900190040395201420042220170124110218.0 a431655B c00.00 a431655 bCen Lib/Ret aDPLbEN a016.73bDOW aDowns, Robert B.939393 aAmerican library resources :cby Robert B. Downs ba bibliographical guide / aChicago bAmerican Library Association c1962 bChicago  aviii, 226p.c25cm(Hb) aIncludes index  aReferences resources 939394 aBibliographical guide 939395 2ddccENh016.73mDOW c133969d133969 04104070aLbLd2015-07-28eCen Lib/Retg0.00l0o016.73 DOWp431655r2015-07-28 00:00:00t1v0.00w2015-07-28yENzW/d list no. 6815/2